Violencia de Género en los divinos de Laura Restrepo Estudio literario-lingüístico / (رقم التسجيلة. 84413)
[ عرض عادي ]
| 000 -LEADER | |
|---|---|
| fixed length control field | 02367cam a2200349 a 4500 |
| 003 - CONTROL NUMBER IDENTIFIER | |
| control field | EG-GiCUC |
| 005 - DATE AND TIME OF LATEST TRANSACTION | |
| control field | 20250223032926.0 |
| 008 - FIXED-LENGTH DATA ELEMENTS--GENERAL INFORMATION | |
| fixed length control field | 220305s2021 ua f m 000 0 spa d |
| 040 ## - CATALOGING SOURCE | |
| Original cataloging agency | EG-GiCUC |
| Language of cataloging | eng |
| Transcribing agency | EG-GiCUC |
| 041 0# - LANGUAGE CODE | |
| Language code of text/sound track or separate title | spa |
| 049 ## - LOCAL HOLDINGS (OCLC) | |
| Holding library | Deposite |
| 097 ## - Thesis Degree | |
| Thesis Level | M.A |
| 099 ## - LOCAL FREE-TEXT CALL NUMBER (OCLC) | |
| Classification number | Cai01.02.16.M.A.2021.Sa.V |
| 100 0# - MAIN ENTRY--PERSONAL NAME | |
| Personal name | Salma Mohamed Samir Abdelaziz Ghoneim |
| 245 10 - TITLE STATEMENT | |
| Title | Violencia de Género en los divinos de Laura Restrepo Estudio literario-lingüístico / |
| Statement of responsibility, etc. | Salma Mohamed Samir Abdelaziz Ghoneim ; Supervised Rasha Mohamed Abboudy , Mervat Ibrahim |
| 246 15 - VARYING FORM OF TITLE | |
| Title proper/short title | العنف الجندرى فى رواية الإلهيون للكاتبة لورا ريستريبو : |
| Remainder of title | دراسة أدبية- لغوية |
| 260 ## - PUBLICATION, DISTRIBUTION, ETC. | |
| Place of publication, distribution, etc. | Cairo : |
| Name of publisher, distributor, etc. | Salma Mohamed Samir Abdelaziz Ghoneim , |
| Date of publication, distribution, etc. | 2021 |
| 300 ## - PHYSICAL DESCRIPTION | |
| Extent | 151 P. ; |
| Dimensions | 25cm |
| 502 ## - DISSERTATION NOTE | |
| Dissertation note | Thesis (M.A.) - Cairo University - Faculty of Arts - Department of Spanish |
| 520 ## - SUMMARY, ETC. | |
| Summary, etc. | The present study offers a literary-linguistic analysis of the theme of gender violence in the novel The Divines (2018) by the Colombian writer, Laura Restrepo through an interdisciplinary approach.Therefore, we will analyze the different degrees of gender violence starting from the reification of the feminine figure up to the Infanticide.The novel is based on a true story that deals with the kidnapping, torture, rape and murder of a seven-yearold girl in Colombia. First, a literary analysis of the phenomenon of gender violence will be made and its relationship with sub-themes such as: misogyny, femicide, double discrimination, narcissism and the psychological development of the aggressor and its relationship with the main topic.Second, a critical linguistic analysis of the discourse will be carried out to analyze the stylistic and pragmatic figures used by the author to reflect the intensity and atrocity of the mentioned themes. Finally, we will deduce the global vision of the author and the message she wants to convey in her novel |
| 530 ## - ADDITIONAL PHYSICAL FORM AVAILABLE NOTE | |
| Additional physical form available note | Issued also as CD |
| 650 #0 - SUBJECT ADDED ENTRY--TOPICAL TERM | |
| Topical term or geographic name entry element | Violencia |
| 653 ## - INDEX TERM--UNCONTROLLED | |
| Uncontrolled term | Colombian Narconovela |
| 653 ## - INDEX TERM--UNCONTROLLED | |
| Uncontrolled term | Gender Violence |
| 653 ## - INDEX TERM--UNCONTROLLED | |
| Uncontrolled term | Laura Restrepo |
| 700 0# - ADDED ENTRY--PERSONAL NAME | |
| Personal name | Mervat Ibrahim , |
| Relator term | |
| 700 0# - ADDED ENTRY--PERSONAL NAME | |
| Personal name | Rasha Mohamed Abboudy , |
| Relator term | |
| 856 ## - ELECTRONIC LOCATION AND ACCESS | |
| Uniform Resource Identifier | <a href="http://172.23.153.220/th.pdf">http://172.23.153.220/th.pdf</a> |
| 905 ## - LOCAL DATA ELEMENT E, LDE (RLIN) | |
| Cataloger | Nazla |
| Reviser | Revisor |
| 905 ## - LOCAL DATA ELEMENT E, LDE (RLIN) | |
| Cataloger | Shimaa |
| Reviser | Cataloger |
| 942 ## - ADDED ENTRY ELEMENTS (KOHA) | |
| Source of classification or shelving scheme | Dewey Decimal Classification |
| Koha item type | Thesis |
| Source of classification or shelving scheme | Not for loan | Home library | Current library | Date acquired | Full call number | Barcode | Date last seen | Koha item type | Copy number |
|---|---|---|---|---|---|---|---|---|---|
| Dewey Decimal Classification | المكتبة المركزبة الجديدة - جامعة القاهرة | قاعة الرسائل الجامعية - الدور الاول | 11.02.2024 | Cai01.02.16.M.A.2021.Sa.V | 01010110085530000 | 22.09.2023 | Thesis | ||
| Dewey Decimal Classification | المكتبة المركزبة الجديدة - جامعة القاهرة | مخـــزن الرســائل الجـــامعية - البدروم | 11.02.2024 | Cai01.02.16.M.A.2021.Sa.V | 01020110085530000 | 22.09.2023 | CD - Rom | 85530.CD |